00333nam a2200145Ia 45000030006000000080041000060400015000471000022000622450019000842500006001032600041001093000006001505460014001560050017001700STCL150530s9999 xx 000 0 und d aSTCLcSTCL aJoseph Kunnassery aPuzaozukumvazi a1 bRoyal Book; Kottayamc1985aKottayam a0 aMalayalam20220125171623.0